000 00651nam a2200241Ia 4500
003 OSt
005 20220925204850.0
006 a|||||r|||| 00| 0
007 ta
008 220923b |||||||| |||| 00| 0 eng d
037 _cGeneral Book
040 _aRTL
_cRTL
_beng
041 _2eng
_aeng
082 _aVb4, K0
100 _aDovring Folke
_9269146
245 0 _aHistory as a social science
_b An essay on the natu
260 _aHague
_bMartinus Nijhoff
_c1960
300 _a97p.
_ccm.
500 _aBibliography p.97
650 _aHistory
942 _hVb4, K0
_cGB
_2CC
999 _c550607
_d550607